00401nam a2200157Ia 45000010006000000050017000060080041000230410008000640820016000721000024000882450078001122600009001903000028001996500008002276540008002351873720260306171652.0260306s9999||||xx |||||||||||||| ||und|| aESP a658.5bC269 aCoyle, John J.eAUT 0aAdministración de la cadena de suministro:buna perspectiva logística c2013 a646 páginas :c27 cm. aGEN aCAN